Normal view
MARC view
- Turner, Martin J, Blackledge, Jonathan M, Andrews, Patrick R
Entry Personal Name
001 - CONTROL NUMBER
- control field: 61604
003 - CONTROL NUMBER IDENTIFIER
- control field: NUST
005 - DATE AND TIME OF LATEST TRANSACTION
- control field: 20210628202801.0
008 - FIXED-LENGTH DATA ELEMENTS
- fixed length control field: 210628|| aca||aabn | a|a d
040 ## - CATALOGING SOURCE
- Original cataloging agency: NUST
- Transcribing agency: NUST
100 ## - HEADING--PERSONAL NAME
- Personal name: Turner, Martin J, Blackledge, Jonathan M, Andrews, Patrick R
670 ## - SOURCE DATA FOUND
- Source citation: Work cat.: (NUST): Turner, Martin J, Blackledge, Jonathan M, Andrews, Patrick R, Fractal geometry in digital imaging, 1998
